000 00515nam a2200205 a 4500
001 13889
003 CO-ViMGA
008 141112s2004 ck r 000 u spa d
020 _a848403061X
040 _aCO-ViMGA
_bspa
_cCO-ViMGA
082 0 4 _a796.8153 L337
100 1 _aLee, Sam
_920251
245 1 0 _aKarate
260 _aMadrid :
_bEdimat Libros,
_c1998
300 _a189
490 _aLibro de Oro : artes marciales
590 _aForma de adquisición : Compra
650 1 4 _akarate
_93133
942 _2ddc
_cBK
999 _c24591
_d24591